[Event "Kadettlandskamp NOR-SWE A 2018"]
[Site "NTG, Bærum, Norway"]
[Date "2018.12.15"]
[Round "5.1"]
[White "Carlsson, Ludvig"]
[Black "Lund, Gunnar"]
[Result "1-0"]
[WhiteTitle "CM"]
[WhiteFideId "1727010"]
[BlackFideId "1520814"]
[WhiteElo "1978"]
[BlackElo "2006"]

1. e4 {[%clk 00:15:18]} {[%emt 00:00:01]} d6 {[%clk 00:15:18]} {[%emt
00:00:03]} 2. d4 {[%clk 00:15:25]} {[%emt 00:00:02]} Nf6 {[%clk 00:15:27]} 3.
Nc3 {[%clk 00:15:27]} {[%emt 00:00:09]} g6 {[%clk 00:15:36]} 4. f4 {[%clk
00:15:35]} {[%emt 00:00:02]} Bg7 {[%clk 00:15:43]} {[%emt 00:00:04]} 5. Nf3
{[%clk 00:15:43]} {[%emt 00:00:02]} c5 {[%clk 00:15:52]} {[%emt 00:00:01]} 6.
dxc5 {[%clk 00:15:28]} {[%emt 00:00:25]} Qa5 {[%clk 00:16:00]} {[%emt
00:00:01]} 7. Bd2 {[%clk 00:15:34]} {[%emt 00:00:04]} Qxc5 {[%clk 00:15:56]}
{[%emt 00:00:15]} 8. Qe2 {[%clk 00:15:42]} {[%emt 00:00:01]} O-O {[%clk
00:15:44]} {[%emt 00:00:23]} 9. O-O-O {[%clk 00:15:03]} {[%emt 00:00:48]} a6
{[%clk 00:15:03]} {[%emt 00:00:52]} 10. Be3 {[%clk 00:14:36]} {[%emt 00:00:36]}
Qc7 {[%clk 00:14:51]} {[%emt 00:00:22]} 11. h3 {[%clk 00:13:28]} {[%emt
00:01:17]} b5 {[%clk 00:14:56]} {[%emt 00:00:07]} 12. g4 {[%clk 00:13:36]}
{[%emt 00:00:01]} Qa5 {[%clk 00:13:32]} {[%emt 00:01:35]} 13. Kb1 {[%clk
00:13:38]} {[%emt 00:00:08]} Be6 {[%clk 00:12:51]} {[%emt 00:00:52]} 14. Nd4
{[%clk 00:13:01]} {[%emt 00:00:46]} b4 {[%clk 00:10:58]} {[%emt 00:02:04]} 15.
Nd5 {[%clk 00:13:07]} {[%emt 00:00:03]} Nxd5 {[%clk 00:08:56]} {[%emt
00:02:13]} 16. exd5 {[%clk 00:13:14]} {[%emt 00:00:02]} Bxd5 {[%clk 00:08:50]}
{[%emt 00:00:17]} 17. Nb3 {[%clk 00:13:23]} Bxb3 {[%clk 00:08:58]} {[%emt
00:00:03]} 18. axb3 {[%clk 00:13:31]} {[%emt 00:00:02]} Nc6 {[%clk 00:09:01]}
{[%emt 00:00:07]} 19. h4 {[%clk 00:13:03]} {[%emt 00:00:38]} e5 {[%clk
00:08:25]} {[%emt 00:00:46]} 20. Bg2 {[%clk 00:11:50]} {[%emt 00:01:22]} Rac8
{[%clk 00:08:28]} {[%emt 00:00:08]} 21. Rxd6 {[%clk 00:11:54]} {[%emt
00:00:05]} exf4 {[%clk 00:07:44]} {[%emt 00:00:54]} 22. Rd5 {[%clk 00:10:38]}
{[%emt 00:01:26]} Qc7 {[%clk 00:07:47]} {[%emt 00:00:08]} 23. Bc5 {[%clk
00:10:46]} {[%emt 00:00:02]} Rfe8 {[%clk 00:07:49]} {[%emt 00:00:08]} 24. Qd1
{[%clk 00:09:19]} {[%emt 00:01:36]} Ne7 {[%clk 00:06:04]} {[%emt 00:01:56]} 25.
Bd6 {[%clk 00:09:23]} {[%emt 00:00:06]} Qa7 {[%clk 00:04:38]} {[%emt 00:01:37]}
26. Rd2 {[%clk 00:09:15]} {[%emt 00:00:16]} a5 {[%clk 00:04:38]} {[%emt
00:00:11]} 27. h5 {[%clk 00:07:11]} {[%emt 00:02:13]} a4 {[%clk 00:04:30]}
{[%emt 00:00:19]} 28. hxg6 {[%clk 00:07:17]} {[%emt 00:00:03]} Nxg6 {[%clk
00:04:34]} {[%emt 00:00:06]} 29. Bxb4 {[%clk 00:07:08]} {[%emt 00:00:20]} axb3
{[%clk 00:04:42]} {[%emt 00:00:03]} 30. cxb3 {[%clk 00:07:13]} {[%emt
00:00:04]} Rb8 {[%clk 00:04:14]} {[%emt 00:00:39]} 31. Bd6 {[%clk 00:07:05]}
{[%emt 00:00:18]} Ra8 {[%clk 00:04:17]} {[%emt 00:00:07]} 32. Bxa8 {[%clk
00:07:11]} {[%emt 00:00:04]} Rxa8 {[%emt 00:00:39]} 33. Ba3 Qb6 {[%clk
00:03:30]} {[%emt 00:00:30]} 34. g5 {[%clk 00:06:44]} {[%emt 00:00:44]} Nf8
{[%clk 00:02:37]} {[%emt 00:01:03]} 35. Rd6 {[%clk 00:06:22]} {[%emt 00:00:32]}
Qc7 {[%clk 00:02:15]} {[%emt 00:00:33]} 36. Qd3 {[%clk 00:06:23]} {[%emt
00:00:09]} Qe7 {[%clk 00:01:33]} {[%emt 00:00:52]} 37. Rdh6 {[%clk 00:05:36]}
{[%emt 00:00:57]} Rxa3 {[%clk 00:01:38]} {[%emt 00:00:05]} 38. bxa3 {[%clk
00:05:44]} {[%emt 00:00:03]} Qxa3 {[%clk 00:01:42]} {[%emt 00:00:06]} 39. Rf6
{[%clk 00:05:52]} Qa5 {[%clk 00:01:10]} {[%emt 00:00:42]} 40. Qf5 {[%clk
00:05:08]} {[%emt 00:00:54]} Qc3 {[%clk 00:00:46]} {[%emt 00:00:35]} 41. Qc2
{[%clk 00:04:46]} {[%emt 00:00:32]} Bxf6 {[%clk 00:00:54]} {[%emt 00:00:03]} 42.
gxf6 {[%clk 00:04:53]} {[%emt 00:00:03]} Qxf6 {[%clk 00:01:03]} {[%emt
00:00:01]} 43. Rg1+ {[%clk 00:03:53]} {[%emt 00:01:09]} Ng6 {[%clk 00:01:10]}
{[%emt 00:00:03]} 44. Qc8+ {[%clk 00:03:41]} {[%emt 00:00:22]} Kg7 {[%clk
00:01:18]} {[%emt 00:00:02]} 45. Rc1 {[%clk 00:03:45]} {[%emt 00:00:06]} h5
{[%clk 00:00:38]} {[%emt 00:00:50]} 46. Qc3 {[%clk 00:03:29]} {[%emt 00:00:26]}
Ne5 {[%clk 00:00:41]} {[%emt 00:00:07]} 47. Rg1+ {[%clk 00:02:58]} {[%emt
00:00:41]} Ng4 {[%clk 00:00:47]} {[%emt 00:00:03]} 48. Qxf6+ {[%clk 00:02:42]}
{[%emt 00:00:26]} Kxf6 {[%clk 00:00:56]} 49. b4 {[%clk 00:02:51]} {[%emt
00:00:01]} Ke5 {[%clk 00:01:04]} {[%emt 00:00:03]} 50. b5 {[%clk 00:03:00]} Kd6
{[%clk 00:00:20]} {[%emt 00:00:54]} 51. Rc1 {[%clk 00:03:08]} {[%emt 00:00:02]}
Ne5 {[%clk 00:00:26]} {[%emt 00:00:04]} 52. b6 {[%clk 00:02:57]} {[%emt
00:00:21]} Nd7 {[%clk 00:00:14]} {[%emt 00:00:22]} 53. b7 {[%clk 00:03:02]}
{[%emt 00:00:05]} Nb8 {[%clk 00:00:12]} {[%emt 00:00:12]} 54. Rc8 {[%clk
00:03:10]} {[%emt 00:00:02]} f3 {[%clk 00:00:22]} {[%emt 00:00:01]} 55. Rxb8
{[%clk 00:03:14]} {[%emt 00:00:05]} f2 {[%clk 00:00:31]} {[%emt 00:00:01]} 56.
Rd8+ {[%clk 00:03:22]} {[%emt 00:00:02]} Kc6 {[%clk 00:00:36]} {[%emt
00:00:05]} 57. b8=N+ {[%clk 00:03:10]} {[%emt 00:00:22]} Kc7 {[%clk 00:00:45]}
{[%emt 00:00:02]} 58. Rd7+ {[%clk 00:03:18]} {[%emt 00:00:01]} 1-0

[Event "Kadettlandskamp NOR-SWE A 2018"]
[Site "NTG, Bærum, Norway"]
[Date "2018.12.15"]
[Round "5.2"]
[White "Törngren, Gustav"]
[Black "Nordquelle, Daniel"]
[Result "1-0"]
[BlackTitle "FM"]
[WhiteFideId "1728970"]
[BlackFideId "1519042"]
[WhiteElo "1909"]
[BlackElo "2020"]

1. d4 {[%clk 00:15:18]} {[%emt 00:00:02]} Nf6 {[%clk 00:15:15]} {[%emt
00:00:05]} 2. c4 {[%clk 00:15:26]} {[%emt 00:00:02]} c5 {[%clk 00:15:24]} 3. d5
{[%clk 00:15:29]} {[%emt 00:00:07]} e6 {[%clk 00:15:33]} 4. Nc3 {[%clk
00:15:38]} exd5 {[%clk 00:15:42]} 5. cxd5 {[%clk 00:15:47]} d6 {[%clk
00:15:52]} 6. e4 {[%clk 00:15:55]} {[%emt 00:00:03]} g6 {[%clk 00:15:55]}
{[%emt 00:00:06]} 7. Nf3 {[%clk 00:16:03]} {[%emt 00:00:02]} Bg4 {[%clk
00:15:50]} {[%emt 00:00:15]} 8. Be2 {[%clk 00:16:12]} {[%emt 00:00:02]} a6
{[%clk 00:15:53]} {[%emt 00:00:06]} 9. a4 {[%clk 00:16:19]} {[%emt 00:00:03]}
Qe7 {[%clk 00:15:52]} {[%emt 00:00:11]} 10. Nd2 {[%clk 00:16:26]} {[%emt
00:00:04]} Bxe2 {[%clk 00:15:54]} {[%emt 00:00:08]} 11. Qxe2 {[%clk 00:16:34]}
{[%emt 00:00:02]} Nbd7 {[%clk 00:15:50]} {[%emt 00:00:13]} 12. O-O {[%clk
00:16:40]} {[%emt 00:00:04]} Bg7 {[%clk 00:15:48]} {[%emt 00:00:13]} 13. Nc4
{[%clk 00:16:45]} {[%emt 00:00:04]} O-O {[%clk 00:15:54]} {[%emt 00:00:04]} 14.
Bf4 {[%clk 00:16:48]} {[%emt 00:00:08]} Ne8 {[%clk 00:16:02]} {[%emt 00:00:01]}
15. Rfe1 {[%clk 00:16:38]} {[%emt 00:00:20]} Ne5 {[%clk 00:15:41]} {[%emt
00:00:31]} 16. Nb6 {[%clk 00:16:10]} {[%emt 00:00:38]} Rb8 {[%clk 00:15:23]}
{[%emt 00:00:27]} 17. a5 {[%clk 00:15:48]} {[%emt 00:00:33]} g5 {[%clk
00:14:56]} {[%emt 00:00:37]} 18. Bg3 {[%clk 00:15:50]} {[%emt 00:00:08]} Ng6
{[%clk 00:14:02]} {[%emt 00:01:05]} 19. Qg4 {[%clk 00:15:33]} {[%emt 00:00:26]}
Be5 {[%clk 00:13:44]} {[%emt 00:00:27]} 20. Qd7 {[%clk 00:13:22]} {[%emt
00:02:21]} Qd8 {[%clk 00:12:31]} {[%emt 00:01:23]} 21. Nd1 {[%clk 00:11:35]}
{[%emt 00:01:57]} Ng7 {[%clk 00:12:01]} {[%emt 00:00:39]} 22. Bxe5 {[%clk
00:10:41]} {[%emt 00:01:05]} Nxe5 {[%clk 00:12:06]} {[%emt 00:00:05]} 23. Qxd8
{[%clk 00:10:49]} {[%emt 00:00:01]} Rbxd8 {[%clk 00:12:09]} {[%emt 00:00:08]}
24. Ne3 {[%clk 00:10:41]} {[%emt 00:00:19]} f5 {[%clk 00:11:39]} {[%emt
00:00:39]} 25. exf5 {[%clk 00:10:32]} {[%emt 00:00:19]} Nxf5 {[%clk 00:11:48]}
{[%emt 00:00:01]} 26. Nec4 {[%clk 00:10:34]} {[%emt 00:00:08]} Nd3 {[%clk
00:10:48]} {[%emt 00:01:11]} 27. Red1 {[%clk 00:09:46]} {[%emt 00:00:57]} Nf4
{[%clk 00:10:29]} {[%emt 00:00:28]} 28. Ra3 {[%clk 00:09:44]} {[%emt 00:00:13]}
Rfe8 {[%clk 00:09:46]} {[%emt 00:00:53]} 29. g3 {[%clk 00:09:37]} {[%emt
00:00:18]} Nh3+ {[%clk 00:09:05]} {[%emt 00:00:50]} 30. Kg2 {[%clk 00:08:26]}
{[%emt 00:01:22]} g4 {[%clk 00:09:14]} {[%emt 00:00:02]} 31. Ne3 {[%clk
00:08:10]} {[%emt 00:00:26]} Nxe3+ {[%clk 00:09:20]} {[%emt 00:00:04]} 32. Rxe3
{[%clk 00:08:15]} {[%emt 00:00:04]} Rxe3 {[%clk 00:09:28]} {[%emt 00:00:02]} 33.
fxe3 {[%clk 00:08:24]} Rf8 {[%clk 00:08:43]} {[%emt 00:00:55]} 34. Rf1 {[%clk
00:08:31]} {[%emt 00:00:04]} Rxf1 {[%clk 00:08:32]} {[%emt 00:00:20]} 35. Kxf1
{[%clk 00:08:39]} {[%emt 00:00:02]} Ng5 {[%clk 00:08:36]} {[%emt 00:00:06]} 36.
Nc4 {[%clk 00:08:03]} {[%emt 00:00:46]} Ne4 {[%clk 00:06:57]} {[%emt 00:01:48]}
37. Ke2 {[%clk 00:08:12]} {[%emt 00:00:02]} Kf8 {[%clk 00:07:05]} {[%emt
00:00:02]} 38. Kd3 {[%clk 00:08:13]} {[%emt 00:00:09]} Nf2+ {[%clk 00:07:14]}
39. Ke2 {[%clk 00:08:19]} {[%emt 00:00:04]} Ne4 {[%clk 00:07:23]} 40. Nd2
{[%clk 00:07:24]} {[%emt 00:01:06]} Ng5 {[%clk 00:06:43]} {[%emt 00:00:50]} 41.
e4 {[%clk 00:07:31]} {[%emt 00:00:03]} h5 {[%clk 00:04:10]} {[%emt 00:02:43]}
42. Ke3 {[%clk 00:07:31]} {[%emt 00:00:10]} Ke7 {[%clk 00:03:37]} {[%emt
00:00:43]} 43. Kf4 {[%clk 00:06:49]} {[%emt 00:00:52]} Kf6 {[%clk 00:02:30]}
{[%emt 00:01:17]} 44. Nc4 {[%clk 00:06:52]} {[%emt 00:00:06]} Nf7 {[%clk
00:02:39]} 45. b3 {[%clk 00:06:45]} {[%emt 00:00:18]} Kg6 {[%clk 00:01:34]}
{[%emt 00:01:15]} 46. e5 {[%clk 00:06:35]} {[%emt 00:00:20]} dxe5+ {[%clk
00:01:09]} {[%emt 00:00:35]} 47. Nxe5+ {[%clk 00:06:42]} {[%emt 00:00:03]} Kf6
{[%clk 00:01:18]} 48. Nxf7 {[%clk 00:06:30]} {[%emt 00:00:22]} Kxf7 {[%clk
00:01:27]} 49. Ke5 {[%clk 00:05:32]} {[%emt 00:01:08]} Ke7 {[%clk 00:01:15]}
{[%emt 00:00:22]} 50. d6+ {[%clk 00:05:39]} {[%emt 00:00:04]} Kd7 {[%clk
00:01:23]} {[%emt 00:00:02]} 51. Kd5 {[%clk 00:05:48]} {[%emt 00:00:01]} 1-0

[Event "Kadettlandskamp NOR-SWE A 2018"]
[Site "NTG, Bærum, Norway"]
[Date "2018.12.15"]
[Round "5.3"]
[White "Vestby-Ellingsen, Mads"]
[Black "Söderström, Adrian"]
[Result "1-0"]
[WhiteTitle "FM"]
[WhiteFideId "1520857"]
[BlackFideId "1745786"]
[WhiteElo "2009"]
[BlackElo "1949"]

1. e4 {[%clk 00:15:18]} {[%emt 00:00:01]} c5 {[%clk 00:15:19]} {[%emt
00:00:01]} 2. Nf3 {[%clk 00:15:26]} {[%emt 00:00:02]} d6 {[%clk 00:15:28]}
{[%emt 00:00:02]} 3. c3 {[%clk 00:15:31]} {[%emt 00:00:04]} Nf6 {[%clk
00:15:36]} {[%emt 00:00:02]} 4. Be2 {[%clk 00:15:37]} {[%emt 00:00:03]} Nc6
{[%clk 00:15:45]} {[%emt 00:00:02]} 5. d4 {[%clk 00:15:44]} {[%emt 00:00:03]}
cxd4 {[%clk 00:15:54]} {[%emt 00:00:02]} 6. cxd4 {[%clk 00:15:51]} {[%emt
00:00:02]} Nxe4 {[%clk 00:16:00]} {[%emt 00:00:04]} 7. d5 {[%clk 00:15:54]}
{[%emt 00:00:07]} Qa5+ {[%clk 00:16:08]} {[%emt 00:00:01]} 8. Nc3 {[%clk
00:15:29]} {[%emt 00:00:35]} Nxc3 {[%clk 00:16:17]} {[%emt 00:00:03]} 9. bxc3
{[%clk 00:15:36]} {[%emt 00:00:02]} Ne5 {[%clk 00:15:34]} {[%emt 00:00:52]} 10.
O-O {[%clk 00:14:56]} {[%emt 00:00:50]} g6 {[%clk 00:13:09]} {[%emt 00:02:36]}
11. Nxe5 {[%clk 00:13:46]} {[%emt 00:01:19]} dxe5 {[%clk 00:13:18]} {[%emt
00:00:02]} 12. Qb3 {[%clk 00:13:43]} {[%emt 00:00:13]} Qc7 {[%clk 00:10:03]}
{[%emt 00:03:25]} 13. Ba3 {[%clk 00:13:01]} {[%emt 00:00:52]} Bg7 {[%clk
00:05:39]} {[%emt 00:04:34]} 14. Bb5+ {[%clk 00:12:29]} {[%emt 00:00:42]} Bd7
{[%clk 00:05:37]} {[%emt 00:00:13]} 15. d6 {[%clk 00:11:54]} {[%emt 00:00:45]}
exd6 {[%clk 00:05:34]} {[%emt 00:00:14]} 16. Bxd6 {[%clk 00:11:18]} {[%emt
00:00:44]} Qxd6 {[%clk 00:03:07]} {[%emt 00:02:38]} 17. Rfd1 {[%clk 00:11:22]}
{[%emt 00:00:05]} Qb6 {[%clk 00:03:01]} {[%emt 00:00:17]} 18. Bxd7+ {[%clk
00:11:24]} {[%emt 00:00:08]} Kf8 {[%clk 00:03:04]} {[%emt 00:00:07]} 19. Qc4
{[%clk 00:10:24]} {[%emt 00:01:09]} h6 {[%clk 00:02:33]} {[%emt 00:00:41]} 20.
Rab1 {[%clk 00:09:33]} {[%emt 00:01:02]} Qa6 {[%clk 00:02:38]} {[%emt
00:00:06]} 21. Bb5 {[%clk 00:07:51]} {[%emt 00:01:51]} Qe6 {[%clk 00:02:35]}
{[%emt 00:00:13]} 22. Qxe6 {[%clk 00:07:10]} {[%emt 00:00:50]} fxe6 {[%clk
00:02:45]} {[%emt 00:00:02]} 23. Rd7 {[%clk 00:07:14]} {[%emt 00:00:05]} Kg8
{[%clk 00:00:32]} {[%emt 00:02:23]} 24. Bd3 {[%clk 00:06:31]} {[%emt 00:00:52]}
Kh7 {[%clk 00:00:27]} {[%emt 00:00:16]} 25. Rbxb7 {[%clk 00:06:36]} {[%emt
00:00:05]} Rhg8 {[%clk 00:00:35]} {[%emt 00:00:02]} 26. h4 {[%clk 00:05:28]}
{[%emt 00:01:18]} h5 {[%clk 00:00:34]} {[%emt 00:00:12]} 27. Bc4 {[%clk
00:04:17]} {[%emt 00:01:21]} Rae8 {[%clk 00:00:21]} {[%emt 00:00:24]} 28. Rxa7
{[%clk 00:04:22]} {[%emt 00:00:04]} Kh6 {[%clk 00:00:16]} {[%emt 00:00:16]} 29.
Bb5 {[%clk 00:02:35]} {[%emt 00:01:56]} Rb8 {[%clk 00:00:16]} {[%emt 00:00:10]}
30. a4 {[%clk 00:02:08]} {[%emt 00:00:37]} Rbd8 {[%clk 00:00:21]} {[%emt
00:00:06]} 31. c4 {[%clk 00:01:30]} {[%emt 00:00:47]} e4 {[%clk 00:00:20]}
{[%emt 00:00:11]} 32. c5 {[%clk 00:01:04]} {[%emt 00:00:37]} Rxd7 {[%clk
00:00:19]} {[%emt 00:00:11]} 33. Rxd7 {[%clk 00:00:58]} {[%emt 00:00:15]} Rc8
{[%clk 00:00:25]} {[%emt 00:00:05]} 34. c6 {[%clk 00:00:41]} {[%emt 00:00:26]}
Bc3 {[%clk 00:00:34]} {[%emt 00:00:02]} 35. Re7 {[%clk 00:00:32]} {[%emt
00:00:18]} e5 {[%clk 00:00:38]} {[%emt 00:00:06]} 36. Re6 {[%clk 00:00:33]}
{[%emt 00:00:08]} Bd4 {[%clk 00:00:28]} {[%emt 00:00:20]} 37. a5 {[%clk
00:00:24]} {[%emt 00:00:20]} Rf8 {[%clk 00:00:33]} {[%emt 00:00:05]} 38. c7
{[%clk 00:00:14]} {[%emt 00:00:19]} Bxf2+ {[%clk 00:00:33]} {[%emt 00:00:10]}
39. Kh2 {[%clk 00:00:18]} {[%emt 00:00:06]} Rc8 {[%clk 00:00:28]} {[%emt
00:00:15]} 40. Rc6 {[%clk 00:00:17]} {[%emt 00:00:11]} e3 {[%clk 00:00:29]}
{[%emt 00:00:10]} 41. g3 {[%clk 00:00:13]} {[%emt 00:00:13]} Be1 {[%clk
00:00:34]} {[%emt 00:00:05]} 42. a6 {[%clk 00:00:16]} {[%emt 00:00:07]} Ba5
{[%clk 00:00:19]} {[%emt 00:00:25]} 43. a7 {[%clk 00:00:24]} {[%emt 00:00:01]}
Bxc7 {[%clk 00:00:26]} {[%emt 00:00:04]} 44. Rxc7 {[%clk 00:00:27]} {[%emt
00:00:07]} Ra8 {[%clk 00:00:31]} {[%emt 00:00:04]} 45. Kg2 {[%clk 00:00:34]}
{[%emt 00:00:02]} e4 {[%clk 00:00:39]} {[%emt 00:00:04]} 46. Bc6 {[%clk
00:00:34]} {[%emt 00:00:09]} e2 {[%clk 00:00:18]} {[%emt 00:00:32]} 47. Kf2
{[%clk 00:00:42]} {[%emt 00:00:01]} Rxa7 {[%clk 00:00:19]} {[%emt 00:00:10]} 48.
Rxa7 {[%clk 00:00:48]} {[%emt 00:00:03]} g5 {[%clk 00:00:28]} {[%emt 00:00:02]}
49. Kxe2 {[%clk 00:00:53]} {[%emt 00:00:04]} gxh4 {[%clk 00:00:38]} 50. gxh4
{[%emt 00:00:04]} Kg6 51. Bxe4+ {[%clk 00:01:05]} {[%emt 00:00:05]} Kf6 {[%clk
00:00:57]} {[%emt 00:00:02]} 52. Ra5 {[%clk 00:01:12]} {[%emt 00:00:02]} Kg7
{[%clk 00:01:04]} {[%emt 00:00:03]} 53. Rxh5 {[%clk 00:01:19]} {[%emt
00:00:03]} Kg8 {[%clk 00:01:13]} 54. Rh7 {[%clk 00:01:17]} {[%emt 00:00:04]}
Kf8 {[%clk 00:01:22]} {[%emt 00:00:01]} 55. h5 {[%clk 00:01:34]} {[%emt
00:00:01]} Kg8 56. h6 {[%emt 00:00:02]} Kf8 {[%clk 00:01:29]} {[%emt 00:00:01]}
57. Rg7 {[%clk 00:01:40]} {[%emt 00:00:03]} 1-0

[Event "Kadettlandskamp NOR-SWE A 2018"]
[Site "NTG, Bærum, Norway"]
[Date "2018.12.15"]
[Round "5.4"]
[White "Sjøberg, Isak"]
[Black "Jönsson, Jacob"]
[Result "1-0"]
[BlackFideId "1726315"]
[WhiteElo "2019"]
[BlackElo "1724"]

1. e4 {[%clk 00:15:10]} {[%emt 00:00:03]} e6 {[%clk 00:15:18]} {[%emt
00:00:08]} 2. d4 {[%clk 00:15:18]} {[%emt 00:00:04]} d5 {[%clk 00:15:27]} 3.
Nd2 {[%clk 00:15:26]} {[%emt 00:00:01]} Nf6 {[%clk 00:15:36]} {[%emt 00:00:02]}
4. e5 {[%clk 00:15:35]} Nfd7 {[%clk 00:15:45]} 5. c3 {[%clk 00:15:44]} {[%emt
00:00:03]} c5 {[%clk 00:15:54]} 6. f4 {[%clk 00:15:53]} {[%emt 00:00:02]} Nc6
{[%clk 00:16:01]} {[%emt 00:00:03]} 7. Ndf3 {[%clk 00:16:02]} Qb6 {[%clk
00:16:09]} {[%emt 00:00:03]} 8. g3 {[%clk 00:16:06]} {[%emt 00:00:06]} cxd4
{[%clk 00:15:03]} {[%emt 00:01:15]} 9. cxd4 {[%clk 00:16:15]} {[%emt 00:00:02]}
Bb4+ {[%clk 00:15:11]} {[%emt 00:00:01]} 10. Kf2 {[%clk 00:16:24]} {[%emt
00:00:01]} f6 {[%clk 00:15:06]} {[%emt 00:00:15]} 11. Kg2 {[%clk 00:16:27]}
{[%emt 00:00:07]} fxe5 {[%clk 00:14:17]} {[%emt 00:00:59]} 12. fxe5 {[%clk
00:16:35]} {[%emt 00:00:02]} O-O {[%clk 00:13:53]} {[%emt 00:00:34]} 13. Bd3
{[%clk 00:16:44]} h6 {[%clk 00:13:50]} {[%emt 00:00:14]} 14. Ne2 {[%clk
00:16:49]} {[%emt 00:00:05]} Qc7 {[%clk 00:12:37]} {[%emt 00:01:23]} 15. Rf1
{[%clk 00:16:49]} {[%emt 00:00:09]} Nb6 {[%clk 00:12:44]} {[%emt 00:00:04]} 16.
Bb1 {[%clk 00:16:35]} {[%emt 00:00:24]} Ne7 {[%clk 00:11:56]} {[%emt 00:00:58]}
17. a3 {[%clk 00:16:36]} {[%emt 00:00:09]} Ba5 {[%clk 00:10:23]} {[%emt
00:01:43]} 18. b4 {[%clk 00:16:39]} {[%emt 00:00:07]} Nc4 {[%clk 00:10:13]}
{[%emt 00:00:20]} 19. bxa5 {[%clk 00:16:46]} {[%emt 00:00:03]} Bd7 {[%clk
00:09:39]} {[%emt 00:00:45]} 20. Qd3 {[%clk 00:16:36]} {[%emt 00:00:20]} Nf5
{[%clk 00:07:33]} {[%emt 00:02:15]} 21. g4 {[%clk 00:16:30]} {[%emt 00:00:16]}
Qd8 {[%clk 00:07:24]} {[%emt 00:00:19]} 22. gxf5 {[%clk 00:16:29]} {[%emt
00:00:10]} Rxf5 {[%clk 00:07:31]} {[%emt 00:00:03]} 23. Ng3 {[%clk 00:16:29]}
{[%emt 00:00:11]} Rf7 {[%clk 00:07:24]} {[%emt 00:00:17]} 24. Qh7+ {[%clk
00:16:31]} {[%emt 00:00:06]} Kf8 {[%clk 00:07:33]} {[%emt 00:00:02]} 25. Bg6
{[%clk 00:16:34]} {[%emt 00:00:07]} 1-0